000 00703cam a2200229u 4500
001 7810453
003 OSt
005 20150615160516.0
008 820922s1892 nyu 000 0 eng
010 _a 30017991
040 _aDLC
_cCarP
_dDLC
050 0 0 _aBL82
_b.E8
100 1 _aEvans, Elizabeth Edson Gibson,
_d1832-1911.
245 1 2 _aA history of religions.
260 _aNew York,
_bThe Commonwealth company
_c[c1892]
300 _a128 p.
_c20 cm.
530 _aAlso available in digital form on the Internet Archive Web site.
650 0 _aReligions.
856 4 1 _uhttp://hdl.loc.gov/loc.gdc/scd0001.00136522486
906 _a0
_bcbc
_cpremunv
_du
_encip
_f19
_gy-gencatlg
942 _2lcc
_cPER
999 _c44703
_d44703